000 00375cam a22001337a 4500
008 180718b1969 xxu||||| |||| 00| 0 eng d
082 _aB813x5433 P969
100 _aPunjab Boundary Commission
245 _aPunjab boundary commission: report
260 _aChandigarh
_bThe author
_c1969
300 _a150p.
500 _aChairman: J.C. Shah
700 _aShah, J.C. (Chairman)
999 _c488861
_d488861